00947nam a2200241Ia 4500001000900000003000500009005001700014008004100031010001100072040000900083082002100092110003400113245020500147260004500352300001000397503000700407504002600414650002800440650006400468650005200532650002500584710009600609dia_6154CHAP20251023153245.0220117s1974 xx 000 0 und d a176061 cCHAP a664.902 P67 1974 aMéxico. Nacional Financiera aPosibilidades de inversión en la rama industrial de preparación, conservación, empacado y enlatado de carnes /c Fideicomiso del Fondo de Garantía y Fomento a la Industria Mediana y Pequeña aMéxico :b Nacional Financiera,c1974 a97 h. aD. aBibliografía: h. 97 aCarnexPreservación  0aIndustria del ganado y de la carnexInversiónzMéxico  0aLivestock and meat industryxInvestmentzMexico aMeatxPreservation  aFideicomiso del Fondo de Garantía y Fomento a la Industria Mediana y Pequeña (México)